Odpowiedzi kończące się na N - Statystyki

Ogólne statystyki
  • Ten quiz został rozwiązany 91 razy
  • Średni wynik to 11 z 15
Statystyki odpowiedzi
Pytanie Odpowiedź % Poprawnych
Stolica Wielkiej Brytanii Londyn
100%
Ciągnięty przez pociąg Wagon
95%
Np. Snickers, Lion, Twix Baton
91%
Grają tam piłkarze Stadion
88%
Powtarzająca się melodia w piosence Refren
80%
Zwierzę które w Europie występuje jako żubr Bizon
77%
Gra video w której sterujemy żółtą kulką po labiryncie zjadając kulki i unikać duchów Pac-Man
74%
Zespół rockowy utworzony przez Briana Maya, Rogera Taylora i Freddiego Mercury’ego Queen
72%
Das Auto Volkswagen
72%
Nazwa gatunku drapieżnych ryb Rekin
60%
Alter Ego Tonyego Starka Iron Man
54%
Dzielnica Nowego Jorku w której znajduje się Empire State Building Manhattan
53%
Państwo zaatakowane przez ZSRR w 1979 roku Afganistan
51%
Owoc z rośliny dyniowatych Melon
48%
Państwo ze stolicą w Chartumie Sudan
48%
Nie znaleziono quizów pasujących do podanych kryteriów
Rozkład punktacji
Procent ludzi z każdym wynikiem
Percentyl według liczby udzielonych odpowiedzi
Twoja historia wyników
Nie rozwiązałeś tego quizu